[Event "6 Koge Open 2025 GM"]
[Site "Koge"]
[Date "2025.07.17"]
[Round "6.4"]
[White "Veiergang, Oscar Jacob"]
[Black "Hoi, Carsten"]
[Result "1/2-1/2"]
[WhiteElo "2166"]
[BlackElo "2288"]
[PlyCount "41"]
[EventDate "2025.07.15"]
[EventType "tourn"]
[EventRounds "9"]
[EventCountry "DEN"]
[SourceTitle "Live v. Koge Skakklub"]

1. e4 e6 2. d4 d5 3. Nd2 Nf6 4. e5 Nfd7 5. c3 c5 6. Bd3 b6 7. Ne2 Ba6 8. Bxa6 Nxa6 9. a3 Be7 10. O-O Nc7 11. f4 g6 12. Nf3 c4 13. g4 h5 14. h3 b5 15. Kg2 Nb6 16. Ng3 hxg4 17. hxg4 Qd7 18. Qc2 O-O-O 19. Bd2 Rdg8 20. Rh1 Qd8 21. Rag1 1/2-1/2

[Event "6 Koge Open 2025 GM"]
[Site "Koge"]
[Date "2025.07.17"]
[Round "6.1"]
[White "Jaksland, Tim"]
[Black "Okhotnik, Vladimir"]
[Result "1-0"]
[WhiteElo "2108"]
[BlackElo "2255"]
[PlyCount "115"]
[EventDate "2025.07.15"]
[EventType "tourn"]
[EventRounds "9"]
[EventCountry "DEN"]
[SourceTitle "Live v. Koge Skakklub"]

1. e4 c5 2. c3 d5 3. exd5 Qxd5 4. d4 Nf6 5. Nf3 Bg4 6. Nbd2 e6 7. Qa4+ Nbd7 8. Bc4 Qd6 9. dxc5 Qxc5 10. Bb5 Bxf3 11. Nxf3 a6 12. Be2 Bd6 13. Bg5 O-O 14. O-O h6 15. Bxf6 Nxf6 16. Rad1 Rfd8 17. Qc4 Qa5 18. g3 Rd7 19. Nd2 Rad8 20. Bf3 b5 21. Qb3 Bxg3 22. hxg3 Rxd2 23. Rxd2 Rxd2 24. Rd1 Rxd1+ 25. Bxd1 e5 26. a4 Qb6 27. axb5 axb5 28. Qb4 e4 29. Qe7 Qb8 30. Bb3 Qe8 31. Qc5 Ng4 32. Bc2 e3 33. fxe3 Nxe3 34. Bd3 Qb8 35. Qxe3 g6 36. Kf2 h5 37. Qd4 Qb7 38. Be4 Qe7 39. Bd5 Qg5 40. Bf3 Qf5 41. Qe4 Qd7 42. Qd5 Qa7+ 43. Qd4 Qa2 44. Qd8+ Kh7 45. Qd2 Qb1 46. Qe2 Qf5 47. Qe4 Qc5+ 48. Kg2 Qg5 49. Qd5 f5 50. Qd7+ Kh6 51. Qd4 Kh7 52. Be2 Qe7 53. Kf2 Qb7 54. Bf3 Qc7 55. Qd5 Qb6+ 56. Kg2 Kh6 57. Qd4 Qc7 58. Qf4+ 1-0

[Event "6 Koge Open 2025 GM"]
[Site "Koge"]
[Date "2025.07.18"]
[Round "7.3"]
[White "Bhagat, Kush"]
[Black "Laursen, Christopher Hofman"]
[Result "0-1"]
[WhiteElo "2369"]
[BlackElo "2244"]
[PlyCount "50"]
[EventDate "2025.07.15"]
[EventType "tourn"]
[EventRounds "9"]
[EventCountry "DEN"]
[SourceTitle "Live v. Koge Skakklub"]

1. e4 c5 2. Nf3 Nc6 3. Bb5 Na5 4. c3 a6 5. Ba4 e6 6. O-O Nf6 7. Bc2 Be7 8. d4 cxd4 9. cxd4 b5 10. a3 Bb7 11. Nc3 Rc8 12. Bg5 d5 13. e5 Ne4 14. Bxe7 Qxe7 15. Bxe4 dxe4 16. Nd2 f5 17. exf6 gxf6 18. Ndxe4 Rg8 19. d5 Rd8 20. d6 Qf7 21. g3 Nc4 22. b3 Ne5 23. f4 Ng4 24. Nc5 Qh5 25. Qxg4 Qxc5+ 0-1

[Event "6 Koge Open 2025 GM"]
[Site "Koge"]
[Date "2025.07.18"]
[Round "7.2"]
[White "Okhotnik, Vladimir"]
[Black "Liu, Casper Yukun"]
[Result "0-1"]
[WhiteElo "2255"]
[BlackElo "2325"]
[PlyCount "96"]
[EventDate "2025.07.15"]
[EventType "tourn"]
[EventRounds "9"]
[EventCountry "DEN"]
[SourceTitle "Live v. Koge Skakklub"]

1. c4 e5 2. e3 Nf6 3. Nf3 Nc6 4. d4 Bb4+ 5. Nc3 e4 6. Nd2 Bxc3 7. bxc3 d6 8. f4 O-O 9. Be2 Re8 10. O-O Qd7 11. h3 Ne7 12. Rf2 c5 13. Nf1 d5 14. a4 Qc7 15. Qb3 dxc4 16. Bxc4 Nc6 17. a5 Re7 18. Qb5 cxd4 19. cxd4 a6 20. Qc5 Nxa5 21. Ba3 Nxc4 22. Qxe7 Qxe7 23. Bxe7 Nd5 24. Ba3 f5 25. Rc2 b5 26. Kf2 a5 27. Bc5 a4 28. Re2 Bd7 29. Rc2 a3 30. Rxc4 bxc4 31. Rxa3 Rb8 32. Ra7 Rb2+ 33. Kg1 Bb5 34. g4 c3 35. gxf5 h6 36. f6 gxf6 37. Ra8+ Kf7 38. Ra7+ Ke8 39. Ra1 c2 40. Nd2 Bd3 41. Ba3 c1=Q+ 42. Rxc1 Rxd2 43. Re1 Ra2 44. Bd6 Nc3 45. Kh1 Kd7 46. Bf8 h5 47. f5 Be2 48. Bg7 Bf3+ 0-1

[Event "6 Koge Open 2025 GM"]
[Site "Koge"]
[Date "2025.07.18"]
[Round "7.4"]
[White "Jarlskov, Daniel Tuk Hartso"]
[Black "Hector, Jonny"]
[Result "0-1"]
[WhiteElo "2224"]
[BlackElo "2427"]
[PlyCount "66"]
[EventDate "2025.07.15"]
[EventType "tourn"]
[EventRounds "9"]
[EventCountry "DEN"]
[SourceTitle "Live v. Koge Skakklub"]

1. d4 d5 2. c4 c6 3. Nf3 Nf6 4. g3 Bf5 5. Bg2 e6 6. O-O Be7 7. Nc3 h6 8. b3 Nbd7 9. Bb2 O-O 10. Re1 Ne4 11. Nd2 Nxd2 12. Qxd2 dxc4 13. bxc4 Ne5 14. e4 Bg4 15. Qf4 g5 16. Qc1 Nd3 17. Qd2 Nxb2 18. Qxb2 Qxd4 19. h3 Bh5 20. Nd1 Qxb2 21. Nxb2 Rfd8 22. g4 Bg6 23. Rad1 Bb4 24. Rxd8+ Rxd8 25. Rd1 Rxd1+ 26. Nxd1 Kf8 27. Kf1 Ke7 28. Nb2 Ba3 29. Nd3 f5 30. f3 Kd6 31. gxf5 exf5 32. e5+ Ke7 33. Ke2 Bf7 0-1

[Event "6 Koge Open 2025 GM"]
[Site "Koge"]
[Date "2025.07.18"]
[Round "7.1"]
[White "Hoi, Carsten"]
[Black "Jaksland, Tim"]
[Result "1/2-1/2"]
[WhiteElo "2288"]
[BlackElo "2108"]
[PlyCount "33"]
[EventDate "2025.07.15"]
[EventType "tourn"]
[EventRounds "9"]
[EventCountry "DEN"]
[SourceTitle "Live v. Koge Skakklub"]

1. d4 Nf6 2. Nf3 d5 3. c4 e6 4. Nc3 Bb4 5. cxd5 exd5 6. Bg5 h6 7. Bxf6 Qxf6 8. Qb3 Qb6 9. e3 Be6 10. Bd3 Nd7 11. O-O Bd6 12. Qc2 c6 13. h3 O-O 14. a3 Qd8 15. Rfe1 f5 16. Na4 Qf6 17. Nc5 1/2-1/2

[Event "6 Koge Open 2025 GM"]
[Site "Koge"]
[Date "2025.07.18"]
[Round "7.5"]
[White "Caglio, Luigi"]
[Black "Veiergang, Oscar Jacob"]
[Result "0-1"]
[WhiteElo "2172"]
[BlackElo "2166"]
[PlyCount "46"]
[EventDate "2025.07.15"]
[EventType "tourn"]
[EventRounds "9"]
[EventCountry "DEN"]
[SourceTitle "Live v. Koge Skakklub"]

1. c4  Nf6  2. Nf3  c5  3. g3  g6  4. Bg2  Bg7  5. Nc3  O-O  6. d4  cxd4  7. Qxd4  Nc6  8. Qh4  d5  9. Bh6  dxc4  10. O-O  Qb6  11. Rab1  Rd8  12. Bxg7  Kxg7  13. Qxc4  Be6  14. Qh4  h6  15. e3  Bf5  16. Na4  Qb4  17. Rbc1  Be4  18. b3  g5  19. Nxg5  Bxg2  20. Rc4  Qb5  21. Nxf7  Bxf1  22. Rc5  Rd1  23. h3  Bxh3+   0-1

[Event "6 Koge Open 2025 GM"]
[Site "Koge"]
[Date "2025.07.18"]
[Round "8.3"]
[White "Laursen, Christopher Hofman"]
[Black "Okhotnik, Vladimir"]
[Result "0-1"]
[WhiteElo "2244"]
[BlackElo "2255"]
[PlyCount "142"]
[EventDate "2025.07.15"]
[EventType "tourn"]
[EventRounds "9"]
[EventCountry "DEN"]
[SourceTitle "Live v. Koge Skakklub"]

1. Nf3 g6 2. e4 Bg7 3. d4 c6 4. Nc3 d5 5. h3 dxe4 6. Nxe4 Nf6 7. Nxf6+ exf6 8. Bc4 O-O 9. O-O Nd7 10. a4 Nb6 11. Bb3 a5 12. Re1 Qc7 13. Be3 Nd5 14. Qd2 Be6 15. Bh6 Rfd8 16. Re4 Bh8 17. Rae1 Qd7 18. R4e2 b5 19. Ra1 Qc7 20. Qe1 Bg7 21. Bd2 b4 22. Rc1 Qd7 23. c4 bxc3 24. bxc3 Nf4 25. Bxf4 Bxb3 26. c4 Bxa4 27. Re7 Qf5 28. Bc7 Rdc8 29. Ra1 Bf8 30. Re3 Bb4 31. Qe2 Qc2 32. Bg3 Qxe2 33. Rxe2 Bb3 34. c5 a4 35. Bf4 Rd8 36. Bc1 Bc3 37. Bb2 Bc4 38. Rc2 Bxb2 39. Rxb2 a3 40. Rc2 Be6 41. Kf1 a2 42. Ke2 Rab8 43. Kd2 Rb1 44. Rcxa2 Bxa2 45. Rxa2 Re8 46. Ra6 Re6 47. d5 cxd5 48. c6 Re8 49. Kd3 Rb2 50. Kd4 Rb5 51. c7 Rb7 52. Rc6 Rc8 53. Kxd5 Rbxc7 54. Rxf6 Rc5+ 55. Kd4 R8c6 56. Rxc6 Rxc6 57. Ne5 Re6 58. g3 h5 59. Nd3 Re2 60. Kd5 Kf8 61. Kd4 Ke7 62. Kd5 g5 63. Kd4 f6 64. Kd5 f5 65. Kd4 h4 66. gxh4 Re4+ 67. Kd5 gxh4 68. f3 Re3 69. Nf4 Kf6 70. Ng2 Rd3+ 71. Kc4 Rxf3 0-1

[Event "6 Koge Open 2025 GM"]
[Site "Koge"]
[Date "2025.07.18"]
[Round "8.5"]
[White "Jarlskov, Daniel Tuk Hartso"]
[Black "Bhagat, Kush"]
[Result "1/2-1/2"]
[WhiteElo "2224"]
[BlackElo "2369"]
[PlyCount "33"]
[EventDate "2025.07.15"]
[EventType "tourn"]
[EventRounds "9"]
[EventCountry "DEN"]
[SourceTitle "Live v. Koge Skakklub"]

1. d4 d5 2. c4 c6 3. Nf3 Nf6 4. g3 Bf5 5. Bg2 e6 6. O-O h6 7. Nc3 Be7 8. b3 O-O 9. Bb2 Nbd7 10. e3 a5 11. Qe2 Ne4 12. Nxe4 Bxe4 13. Nd2 Bxg2 14. Kxg2 a4 15. e4 dxe4 16. Nxe4 Nf6 17. Rfd1 1/2-1/2

[Event "6 Koge Open 2025 GM"]
[Site "Koge"]
[Date "2025.07.18"]
[Round "8.4"]
[White "Hector, Jonny"]
[Black "Veiergang, Oscar Jacob"]
[Result "1/2-1/2"]
[WhiteElo "2427"]
[BlackElo "2166"]
[PlyCount "125"]
[EventDate "2025.07.15"]
[EventType "tourn"]
[EventRounds "9"]
[EventCountry "DEN"]
[SourceTitle "Live v. Koge Skakklub"]

1. e4 e6 2. d4 d5 3. Nc3 Nf6 4. Bg5 dxe4 5. Nxe4 Nbd7 6. Nf3 h6 7. Bh4 Be7 8. Nxf6+ Nxf6 9. Bc4 O-O 10. Qe2 a6 11. O-O-O b5 12. Bb3 Bb7 13. Rhg1 Ne4 14. Bxe7 Qxe7 15. d5 exd5 16. Bxd5 Bxd5 17. Rxd5 f5 18. Rgd1 Rad8 19. R5d3 Rxd3 20. Rxd3 Qc5 21. Nd4 Re8 22. Rd1 Qe5 23. Qf3 Qd5 24. Nb3 Qe5 25. g3 c5 26. Nd2 c4 27. Nxe4 Qxe4 28. Qc3 Qg2 29. b3 Qxf2 30. bxc4 bxc4 31. Qxc4+ Kh7 32. a3 Qxh2 33. Qf4 Qh5 34. Rf1 Re4 35. Qxf5+ Qxf5 36. Rxf5 Re3 37. Kb2 Rxg3 38. c4 Kg6 39. Rf2 Rg5 40. Kc3 Rf5 41. Rg2+ Kf6 42. Kd4 g5 43. Rh2 Kg6 44. c5 g4 45. c6 h5 46. c7 Rf8 47. Rc2 Rc8 48. Ke3 Kf6 49. Kf4 Ke6 50. Kg5 g3 51. Kxh5 Kd6 52. Kh4 g2 53. Rxg2 Rh8+ 54. Kg4 Kxc7 55. Rb2 Rf8 56. a4 Rf1 57. Rb4 Ra1 58. Kf3 Kc6 59. Ke3 Kc5 60. Rh4 Rb1 61. Kd3 Rb3+ 62. Kc2 Rb4 63. Rxb4 1/2-1/2

[Event "6 Koge Open 2025 GM"]
[Site "Koge"]
[Date "2025.07.18"]
[Round "8.2"]
[White "Liu, Casper Yukun"]
[Black "Hoi, Carsten"]
[Result "1/2-1/2"]
[WhiteElo "2325"]
[BlackElo "2288"]
[PlyCount "24"]
[EventDate "2025.07.15"]
[EventType "tourn"]
[EventRounds "9"]
[EventCountry "DEN"]
[SourceTitle "Live v. Koge Skakklub"]

1. e4 g6 2. d4 Bg7 3. Nc3 d6 4. Be3 Nd7 5. Qd2 a6 6. O-O-O b5 7. h4 h5 8. Nh3 Nb6 9. a3 Bxh3 10. Rxh3 Nf6 11. f3 c6 12. Qf2 d5 1/2-1/2

[Event "6 Koge Open 2025 GM"]
[Site "Koge"]
[Date "2025.07.18"]
[Round "8.1"]
[White "Jaksland, Tim"]
[Black "Caglio, Luigi"]
[Result "1/2-1/2"]
[WhiteElo "2108"]
[BlackElo "2172"]
[PlyCount "61"]
[EventDate "2025.07.15"]
[EventType "tourn"]
[EventRounds "9"]
[EventCountry "DEN"]
[SourceTitle "Live v. Koge Skakklub"]

1. e4 d5 2. exd5 Qxd5 3. Nf3 Nf6 4. d4 Bg4 5. Be2 Nc6 6. h3 Bh5 7. c4 Qd6 8. O-O O-O-O 9. d5 Bxf3 10. Bxf3 Ne5 11. Nc3 Qb4 12. Be2 e6 13. a3 Qe7 14. Qa4 a6 15. Bg5 Ned7 16. Rfe1 Qd6 17. dxe6 Nc5 18. Qc2 Nxe6 19. Rad1 Qe5 20. Bxf6 Qxf6 21. Rxd8+ Kxd8 22. Bg4 Bd6 23. Bxe6 fxe6 24. Qe4 Rf8 25. Re2 Qf4 26. g3 Qxe4 27. Nxe4 Be7 28. Kg2 h6 29. h4 Kd7 30. Rd2+ Kc6 31. Re2 1/2-1/2

[Event "6 Koge Open 2025 GM"]
[Site "Koge"]
[Date "2025.07.19"]
[Round "9.1"]
[White "Veiergang, Oscar Jacob"]
[Black "Jaksland, Tim"]
[Result "1/2-1/2"]
[WhiteElo "2166"]
[BlackElo "2108"]
[PlyCount "56"]
[EventDate "2025.07.15"]
[EventType "tourn"]
[EventRounds "9"]
[EventCountry "DEN"]
[SourceTitle "Live v. Koge Skakklub"]

1. e4 c5 2. Nf3 g6 3. d4 cxd4 4. Qxd4 Nf6 5. Nc3 Nc6 6. Qa4 d6 7. e5 dxe5 8. Nxe5 Bg7 9. Bb5 O-O 10. Nxc6 bxc6 11. Bxc6 Bd7 12. Bxd7 Nxd7 13. O-O Nb6 14. Qe4 Rc8 15. Rd1 Qc7 16. Bd2 e6 17. a4 Qc6 18. Qxc6 Rxc6 19. Be1 Nc4 20. Ra2 Nxb2 21. Rxb2 Bxc3 22. Bxc3 Rxc3 23. Rb7 Rxc2 24. g3 a5 25. Rb5 Ra8 26. Rd4 Ra7 27. Re4 Ra2 28. h4 Kg7 1/2-1/2

[Event "6 Koge Open 2025 GM"]
[Site "Koge"]
[Date "2025.07.19"]
[Round "9.3"]
[White "Hoi, Carsten"]
[Black "Laursen, Christopher Hofman"]
[Result "0-1"]
[WhiteElo "2288"]
[BlackElo "2244"]
[PlyCount "76"]
[EventDate "2025.07.15"]
[EventType "tourn"]
[EventRounds "9"]
[EventCountry "DEN"]
[SourceTitle "Live v. Koge Skakklub"]

1. Nf3 d5 2. e3 Nf6 3. c4 e6 4. d4 c5 5. Nc3 Nc6 6. cxd5 exd5 7. Be2 Be7 8. O-O O-O 9. dxc5 Bxc5 10. b3 Bg4 11. Bb2 a6 12. Nd4 Bxd4 13. Bxg4 Be5 14. Bf3 Qd6 15. g3 Rfd8 16. Bg2 Qe6 17. Re1 Ne4 18. Rc1 Nb4 19. a3 Qf6 20. Bxe4 dxe4 21. Qh5 Nd3 22. Nxe4 Qe7 23. Bxe5 Nxe5 24. Nc5 g6 25. Qe2 Rd2 26. Qf1 Nf3+ 27. Kg2 Nxe1+ 28. Qxe1 Rad8 29. b4 Qe5 30. e4 Qb2 31. Na4 Rxf2+ 32. Qxf2 Qxc1 33. Qf6 Qd2+ 34. Kh3 Qh6+ 35. Kg4 Qh5+ 36. Kf4 Rd2 37. Qb6 Qxh2 38. Nc5 Qf2+ 0-1

[Event "6 Koge Open 2025 GM"]
[Site "Koge"]
[Date "2025.07.19"]
[Round "9.4"]
[White "Okhotnik, Vladimir"]
[Black "Jarlskov, Daniel Tuk Hartso"]
[Result "1-0"]
[WhiteElo "2255"]
[BlackElo "2224"]
[PlyCount "59"]
[EventDate "2025.07.15"]
[EventType "tourn"]
[EventRounds "9"]
[EventCountry "DEN"]
[SourceTitle "Live v. Koge Skakklub"]

1. c4 e6 2. e4 d5 3. exd5 exd5 4. d4 Nf6 5. Nc3 Be7 6. Nf3 O-O 7. cxd5 Nxd5 8. Bd3 Bf6 9. O-O g6 10. Re1 c5 11. Bh6 Nxc3 12. bxc3 Re8 13. Rxe8+ Qxe8 14. Qb3 Bg7 15. Re1 Qf8 16. Bg5 Nc6 17. d5 Na5 18. Qa4 Bf5 19. Bxf5 Bxc3 20. Rc1 b5 21. Qf4 Bb2 22. Rb1 Bg7 23. Rxb5 h6 24. Bh4 g5 25. Qa4 Bc3 26. Bg3 Qd8 27. Rxc5 Qf6 28. Qc2 g4 29. Rxc3 gxf3 30. gxf3 1-0

[Event "6 Koge Open 2025 GM"]
[Site "Koge"]
[Date "2025.07.19"]
[Round "9.2"]
[White "Caglio, Luigi"]
[Black "Liu, Casper Yukun"]
[Result "0-1"]
[WhiteElo "2172"]
[BlackElo "2325"]
[PlyCount "104"]
[EventDate "2025.07.15"]
[EventType "tourn"]
[EventRounds "9"]
[EventCountry "DEN"]
[SourceTitle "Live v. Koge Skakklub"]

1. e4 c5 2. c3 d5 3. exd5 Qxd5 4. Nf3 g6 5. Na3 Bg7 6. Bc4 Qe4+ 7. Kf1 Be6 8. d3 Bxc4 9. Nxc4 Qd5 10. Qa4+ Nc6 11. d4 Rd8 12. Ne3 Qe4 13. Qb3 Qd3+ 14. Ke1 cxd4 15. cxd4 Qxb3 16. axb3 a6 17. Nc2 Nh6 18. Bxh6 Bxh6 19. Ke2 Bg7 20. Rhd1 Rd5 21. Ne3 Nxd4+ 22. Nxd4 Rxd4 23. Rxd4 Bxd4 24. Rc1 e6 25. Rc7 b5 26. Nc2 Bxb2 27. Ra7 O-O 28. Rxa6 Rc8 29. Kd2 Rd8+ 30. Ke2 Bc3 31. Ra2 Rd2+ 32. Ke3 Kg7 33. Nb4 Rd1 34. Nd3 Rb1 35. Ra7 Rxb3 36. Nc5 Rb4 37. Kd3 Rd4+ 38. Kxc3 Rc4+ 39. Kd3 Rxc5 40. Rb7 Kf6 41. Ke3 Rc3+ 42. Kd2 Rc5 43. Ke3 h5 44. Rb6 Rc3+ 45. Kd2 Rb3 46. Kc2 Ra3 47. Kb2 Rd3 48. Kc2 Rd5 49. Rb8 Rf5 50. f3 h4 51. Rh8 Rh5 52. Rb8 Rg5 0-1

[Event "6 Koge Open 2025 GM"]
[Site "Koge"]
[Date "2025.07.19"]
[Round "9.5"]
[White "Bhagat, Kush"]
[Black "Hector, Jonny"]
[Result "1-0"]
[WhiteElo "2369"]
[BlackElo "2427"]
[PlyCount "73"]
[EventDate "2025.07.15"]
[EventType "tourn"]
[EventRounds "9"]
[EventCountry "DEN"]
[SourceTitle "Live v. Koge Skakklub"]

1. Nf3 d5 2. e3 Nf6 3. c4 c6 4. Nc3 e6 5. d4 Ne4 6. Nxe4 dxe4 7. Nd2 f5 8. c5 b6 9. b4 a5 10. Nc4 Nd7 11. bxa5 bxc5 12. Be2 cxd4 13. Qxd4 e5 14. Qc3 Be7 15. O-O O-O 16. Rb1 Ba6 17. Rd1 Ra7 18. Bf1 Qc7 19. Nb6 Nb8 20. Bxa6 Nxa6 21. Rd7 Qb8 22. Rxa7 Qxa7 23. Qxc6 Rd8 24. Bb2 Bf8 25. Bxe5 Qe7 26. Bd4 Nb4 27. Qc4+ Kh8 28. a6 Nd3 29. Nd5 Qf7 30. a7 Nb4 31. a3 Nxd5 32. Rb8 Qe8 33. Qb5 Rc8 34. Bxg7+ Kxg7 35. Qb7+ Ne7 36. Rxc8 Qa4 37. Rc1 1-0